000 00922nam a22002777a 4500
003 CHAP
005 20220329134710.0
008 971013s1982 r 00010 d
010 _a24394
011 _a25366
035 _a29466
040 _cCHAP
082 _a632
_bI58
110 _aInstitut National de la Recherche Agronomique. Paris
_959005
245 _aPlant selection for resistance to diseases
_b: France-Israel joint symposium
260 _aParis :
_bLe Institut,
_c1982
300 _a231 p.
_b: ilus. ; gráfs
490 _aLes colloques de l'INRA
_v; 11
590 _aBATCH-UPD
_b10
_c20130110
_lUCH01
_h2254
590 _aCONVERSION
_b10
_c20130109
_lUCH01
_h1314
650 1 4 _aPlantas
_xResistencia a enfermedades.
_988882
830 0 _aLes colloques de l'INRA
_v; 11
_966327
901 _aBK
942 _cLIBRO
949 _a632 I58
_bBC
_cLIBRO
_d33724000175204
_eLIBRO
_gI.128581
_h66841
_i29466
_mDir
_si
_t2.03
999 _c24394
_d24394